Normal view MARC view
  • Devon (England)

Entry Geographic Name

Number of records used in: 2

001 - CONTROL NUMBER

  • control field: 11951

003 - CONTROL NUMBER IDENTIFIER

  • control field: NUST

005 - DATE AND TIME OF LATEST TRANSACTION

  • control field: 20180723113136.0

008 - FIXED-LENGTH DATA ELEMENTS

  • fixed length control field: 180723|| aca||aabn | a|a d

040 ## - CATALOGING SOURCE

  • Original cataloging agency: NUST
  • Transcribing agency: NUST

151 ## - HEADING--GEOGRAPHIC NAME

  • Geographic name: Devon (England)
  • Form subdivision: Fiction.

670 ## - SOURCE DATA FOUND

  • Source citation: Work cat.: (NUST)173370: Christie, Agatha, 1890-1976. 2976, And then there were none /, 1939.
© 2023 Central Library, National University of Sciences and Technology. All Rights Reserved.